Statistics for Places I've Been

Click here to take the quiz!

General Stats

  • This quiz has been taken 29 times
    (28 since last reset)
  • The average score is 5 of 12

Answer Stats

HintAnswer% Correct
Country with lots of sheep, green space, and beerIreland
84%
DisneyOrlando, Florida
64%
NorthernOntario, Canada
48%
CapitalWashington D.C
48%
Giants Causeway & TitanicNorthern Ireland
44%
Island by Dominican RepublicPuerto Rico
44%
Small Island above VenezuelaAruba
40%
Anotherof the six Dutch islands that formed to make Netherlands AntillesCuraçao
32%
Small Sovereign country in carribean south of Puerto RicoDominica
28%
Vacation Spot in North CarolinaOuter Banks
16%
Part of US Virgin islandsSt. Thomas
16%
National Park in TennesseGreat Smokey Mountains
12%

Score Distribution

Percentile by Number Answered

Percent of People with Each Score

Your Score History

You have not taken this quiz since the last reset